Problemy peredači informacii

Salvato in:
Dettagli Bibliografici
Natura: Periodico
Pubblicazione: 1983
Tags: Aggiungi Tag
Nessun Tag, puoi essere il primo ad aggiungerne!!

MARC

LEADER 00000nas a22000003a 4500
001 stu69142
005 20141121201012.2
008 011106s1983----------------------------d
040 |a STU  |b slo 
041 0
245 |a Problemy peredači informacii 
260 |c 1983 
500 |a 1-4 
500 |a 4 
773 0 |t Problemy peredači informacii  |w stu_us_cat*stu59035  |x 0555-2923  |7 nnas 
996 |d Tom 19, 1983  |v Tom 19  |y 1983  |l II680  |s A  |a 24  |w stu69142_0002